[Event "WCPL:Cardigan-E Glam Nomads"]
[Site "?"]
[Date "2015.11.01"]
[Round "1.1"]
[White "Heaven, Peter"]
[Black "Williams, A. Howard"]
[Result "0-1"]
[WhiteElo "2050"]
[BlackElo "2323"]
[PlyCount "100"]
[EventDate "2015.11.01"]
[EventCountry "WLS"]

1. e4 Nf6 2. e5 Nd5 3. d4 d6 4. c4 Nb6 5. f4 dxe5 6. fxe5 Nc6 7. Be3 Bf5 8. Nc3
e6 9. Nf3 Be7 10. d5 exd5 11. cxd5 Nb4 12. Nd4 Bd7 13. Qf3 O-O 14. a3 c5 15.
axb4 cxd4 16. Bxd4 Bxb4 17. Bd3 Qh4+ 18. Bf2 Qg4 19. Qxg4 Bxg4 20. Bxb6 axb6
21. Rxa8 Rxa8 22. O-O Bc5+ 23. Kh1 Bd4 24. h3 Bd7 25. d6 Bxe5 26. Nd5 Bxd6 27.
Nxb6 Rd8 28. Nxd7 Rxd7 29. Rd1 g6 30. Be4 b6 31. g4 Kf8 32. Kg2 Ke7 33. Kf3 Rc7
34. Bd3 Bc5 35. Bc4 Kf6 36. b3 Re7 37. Rd3 h6 38. Bb5 Re1 39. Bc4 Kg5 40. Kg2
f5 41. gxf5 gxf5 42. Rf3 Rg1+ 43. Kh2 Ra1 44. Rf1 Ra2+ 45. Kh1 Rb2 46. Be6 f4
47. h4+ Kxh4 48. Rxf4+ Kg3 49. Rg4+ Kf3 50. Bf5 Rd2 0-1

[Event "WCPL:Cardigan-E Glam Nomads"]
[Site "?"]
[Date "2015.11.01"]
[Round "1.2"]
[White "Jones, Iolo C"]
[Black "Bridges, Paul"]
[Result "1/2-1/2"]
[WhiteElo "2171"]
[BlackElo "1832"]
[PlyCount "52"]
[EventDate "2015.11.01"]
[EventCountry "WLS"]

1. d4 d5 2. Nf3 e6 3. c4 c6 4. e3 f5 5. Nc3 Bd6 6. Rb1 Qe7 7. Qc2 Nf6 8. Bd3
O-O 9. O-O Ne4 10. Ne5 Nd7 11. Nxd7 Bxd7 12. g3 Rf6 13. Ne2 Rg6 14. Nf4 Bxf4
15. exf4 h5 16. Bd2 h4 17. Kg2 Kf7 18. Kf3 Rh8 19. Rh1 Rgh6 20. Rhg1 hxg3 21.
hxg3 Qf6 22. Be3 Qg6 23. Ke2 Qg4+ 24. Ke1 Rh1 25. Rf1 Rxf1+ 26. Bxf1 Rh1
1/2-1/2

[Event "WCPL:Cardigan-E Glam Nomads"]
[Site "?"]
[Date "2015.11.01"]
[Round "1.3"]
[White "James, Dai"]
[Black "Heap, Gerry"]
[Result "0-1"]
[WhiteElo "1929"]
[BlackElo "2087"]
[PlyCount "70"]
[EventDate "2015.11.01"]
[EventCountry "WLS"]

1. e4 c5 2. Nc3 Nc6 3. Bb5 g6 4. f4 Bg7 5. Nf3 Nd4 6. a4 e6 7. O-O Ne7 8. Nxd4
cxd4 9. Ne2 O-O 10. c3 a6 11. Bd3 Nc6 12. Kh1 d6 13. g4 Qh4 14. Ng3 e5 15. f5
Bh6 16. Qf3 Na5 17. Ra3 Bd7 18. b4 Nc6 19. Bc4 Ne7 20. cxd4 exd4 21. Bb2 Nc6
22. Bd5 Bxd2 23. fxg6 hxg6 24. Qd3 Be3 25. e5 Nxe5 26. Qe4 Qxg4 27. Rxe3 dxe3
28. Rf4 Qd1+ 29. Rf1 Qxd5 30. Qxd5 Bc6 31. Qxc6 bxc6 32. Re1 Rab8 33. Bc3 Nc4
34. Ne4 f5 35. Nf6+ Rxf6 0-1

[Event "WCPL:Cardigan-E Glam Nomads"]
[Site "?"]
[Date "2015.11.01"]
[Round "1.4"]
[White "Van Kemenade, Rudy"]
[Black "Dineen, Robert"]
[Result "1-0"]
[WhiteElo "1942"]
[BlackElo "1837"]
[PlyCount "87"]
[EventDate "2015.11.01"]
[EventCountry "WLS"]

1. e4 c6 2. d4 d5 3. e5 Bf5 4. Nc3 e6 5. g4 Bg6 6. Nge2 c5 7. h4 h5 8. Nf4 Ne7
9. dxc5 Nbc6 10. Nb5 Nc8 11. Nxg6 fxg6 12. Bg5 Qa5+ 13. c3 Bxc5 14. b4 Nxb4 15.
cxb4 Bxb4+ 16. Bd2 O-O 17. Bd3 Bxd2+ 18. Qxd2 Qxd2+ 19. Kxd2 Rxf2+ 20. Ke3 Rb2
21. Nc7 Rb8 22. Nxe6 Ne7 23. gxh5 Nf5+ 24. Bxf5 gxf5 25. Rhg1 Kf7 26. Rg6 Rh8
27. Nxg7 Rxh5 28. Nxh5 Kxg6 29. Nf4+ Kf7 30. h5 Rh2 31. a4 Rh4 32. Rc1 d4+ 33.
Kf3 Rh2 34. Rc7+ Ke8 35. Rxb7 d3 36. Nxd3 Rh3+ 37. Ke2 Rh2+ 38. Ke3 Rh3+ 39.
Kd4 Rh4+ 40. Kd5 Rxa4 41. Ke6 Ra6+ 42. Kxf5 Ra3 43. Nf4 Ra4 44. h6 1-0

[Event "WCPL:Cardigan-E Glam Nomads"]
[Site "?"]
[Date "2015.11.01"]
[Round "1.5"]
[White "Thomas, Roy"]
[Black "Haigh, Tony"]
[Result "0-1"]
[WhiteElo "1730"]
[BlackElo "1816"]
[PlyCount "76"]
[EventDate "2015.11.01"]
[EventCountry "WLS"]

1. f4 g6 2. Nf3 d5 3. e3 Bg7 4. Be2 c5 5. O-O Nc6 6. d3 b6 7. Nc3 Bb7 8. Qe1 e6
9. e4 d4 10. Nb1 Nge7 11. Na3 O-O 12. Qh4 h6 13. f5 exf5 14. Bxh6 f6 15. Bxg7
Kxg7 16. e5 Nxe5 17. Qg3 Nxf3+ 18. Bxf3 Bxf3 19. Rxf3 Qb8 20. Qe1 Nd5 21. Rh3
Qe5 22. Qf2 Rae8 23. Nc4 Qe2 24. Qg3 f4 25. Qf3 Qxf3 26. Rxf3 Re2 27. Rf2 Rxf2
28. Kxf2 Ne3 29. Na3 g5 30. g3 Rh8 31. gxf4 Rxh2+ 32. Kf3 g4+ 33. Ke4 f5+ 34.
Ke5 g3 35. Nc4 g2 36. Nxe3 dxe3 37. Rg1 e2 38. Kxf5 Kf7 0-1

[Event "WCPL:Cardigan-E Glam Nomads"]
[Site "?"]
[Date "2015.11.01"]
[Round "1.6"]
[White "Van Kemenade, Julie"]
[Black "Trickey, Andrew"]
[Result "1-0"]
[WhiteElo "1724"]
[BlackElo "1657"]
[PlyCount "111"]
[EventDate "2015.11.01"]
[EventCountry "WLS"]

1. e4 e6 2. d3 b6 3. Nf3 Bb7 4. g3 Nc6 5. Bg2 h5 6. h4 Bc5 7. c3 Nh6 8. Nh2
Bxf2+ 9. Kxf2 Qf6+ 10. Qf3 Ne5 11. Qxf6 Nxd3+ 12. Ke3 gxf6 13. Kxd3 Nf5 14.
exf5 Bxg2 15. Rg1 Bh3 16. fxe6 dxe6 17. Ke2 O-O-O 18. Be3 Rd5 19. Nd2 Rhd8 20.
Ne4 Rb5 21. b3 Bf5 22. Nf2 Re5 23. Rad1 Rg8 24. Kf3 Ra5 25. Rd2 e5 26. c4 Be6
27. Rc1 f5 28. Bg5 Ra3 29. Be7 c5 30. Rcd1 Bxc4 31. Rd8+ Rxd8 32. Rxd8+ Kc7 33.
Rd2 Kc6 34. Nf1 Bxf1 35. Nd1 Bd3 36. Bf6 e4+ 37. Kf4 c4 38. bxc4 a6 39. Ne3 b5
40. cxb5+ axb5 41. Nxf5 Kd7 42. Be7 Ra6 43. a3 Rg6 44. Bb4 Kc7 45. Ne3 Kd7 46.
Rg2 Ke6 47. Bc3 Bb1 48. g4 hxg4 49. Rxg4 Rh6 50. Kg5 Rg6+ 51. Kh5 Rxg4 52. Kxg4
Bd3 53. Kg5 Be2 54. h5 Bxh5 55. Kxh5 f5 56. Kg5 1-0

[Event "WCPL:Nidum-Abergavenny"]
[Site "?"]
[Date "2015.11.01"]
[Round "1.7"]
[White "Morris, Charles F"]
[Black "Davies, Matthew"]
[Result "1-0"]
[WhiteElo "2136"]
[BlackElo "1950"]
[PlyCount "123"]
[EventDate "2015.11.01"]
[EventCountry "WLS"]

1. c4 c5 2. g3 g6 3. Bg2 Bg7 4. Nc3 Nc6 5. Nf3 e6 6. O-O Nge7 7. d3 a6 8. Bd2
Qc7 9. Qc1 Rb8 10. Rb1 O-O 11. a3 Nd4 12. b4 b6 13. Bf4 e5 14. Bg5 f6 15. Nxd4
cxd4 16. Nd5 Nxd5 17. Bxd5+ Kh8 18. Bd2 Bb7 19. Qb2 Bxd5 20. cxd5 Qd6 21. Qb3
Rfc8 22. Rfc1 b5 23. e4 Qb6 24. Rc2 Bf8 25. Rbc1 Rxc2 26. Qxc2 Bd6 27. f4 Qd8
28. fxe5 fxe5 29. h4 Kg8 30. Bg5 Be7 31. Qd2 Bxg5 32. Qxg5 Qxg5 33. hxg5 Kf7
34. Kf2 Ke7 35. Ke2 Rf8 36. Rc7 Ra8 37. Kd2 a5 38. Rc2 axb4 39. axb4 Ra4 40.
Rb2 Ra1 41. Ke2 Rg1 42. Kf2 Rh1 43. Kf3 Rf1+ 44. Ke2 Rh1 45. Kf3 Rc1 46. Rh2
Rc3 47. Rxh7+ Ke8 48. Ke2 Rc2+ 49. Kd1 Rg2 50. d6 Rxg3 51. Re7+ Kf8 52. Rxe5
Rxd3+ 53. Kc2 Re3 54. Kd2 Kf7 55. Re7+ Kf8 56. Rxd7 Rxe4 57. Kd3 Rg4 58. Re7
Rxg5 59. Kxd4 Rg1 60. Kc5 Rd1 61. Re5 Kf7 62. Kc6 1-0

[Event "WCPL:Nidum-Abergavenny"]
[Site "?"]
[Date "2015.11.01"]
[Round "1.8"]
[White "Gibbons, Andrew"]
[Black "May, Frank"]
[Result "1/2-1/2"]
[WhiteElo "1914"]
[BlackElo "2124"]
[PlyCount "46"]
[EventDate "2015.11.01"]
[EventCountry "WLS"]

1. d4 Nf6 2. c4 e6 3. Nf3 d5 4. cxd5 exd5 5. Nc3 Bb4 6. Bg5 h6 7. Bh4 O-O 8. e3
c5 9. Bd3 Bg4 10. a3 Bxc3+ 11. bxc3 c4 12. Be2 Nbd7 13. Nd2 Bxe2 14. Kxe2 Qa5
15. Qc2 Rfe8 16. Rhe1 Re6 17. f3 Rae8 18. Bf2 Qc7 19. g3 g5 20. Kf1 g4 21. e4
gxf3 22. e5 Ng4 23. Nxf3 Nf8 1/2-1/2

[Event "WCPL:Nidum-Abergavenny"]
[Site "?"]
[Date "2015.11.01"]
[Round "1.12"]
[White "Griffiths, Hywel"]
[Black "Adams, Mark"]
[Result "0-1"]
[WhiteElo "1836"]
[BlackElo "1984"]
[PlyCount "54"]
[EventDate "2015.11.01"]
[EventCountry "WLS"]

1. e4 c5 2. Nf3 a6 3. d4 cxd4 4. Nxd4 Nf6 5. Nc3 e5 6. Nb3 Bb4 7. Bd3 d5 8.
exd5 Qxd5 9. O-O Bxc3 10. bxc3 O-O 11. c4 Qc6 12. Bb2 Qc7 13. Re1 Nc6 14. Qd2
h6 15. Re3 Ng4 16. Rg3 f5 17. h3 Nf6 18. Qxh6 e4 19. Bxf6 Qxg3 20. Qh5 Qc7 21.
Bxe4 fxe4 22. Bb2 Qf7 23. Qh4 Qf4 24. Qh5 Qxf2+ 25. Kh1 Qf5 26. Qh4 e3 27. Re1
e2 0-1

[Event "WPCL:The Vale-Cardiff"]
[Site "?"]
[Date "2015.11.01"]
[Round "1.13"]
[White "Brown, Thomas"]
[Black "Davis, Lee"]
[Result "1-0"]
[WhiteElo "2056"]
[BlackElo "1994"]
[PlyCount "113"]
[EventDate "2015.11.01"]
[EventCountry "WLS"]

1. d4 e6 2. e4 b6 3. c4 Bb7 4. Bd3 Bb4+ 5. Kf1 h6 6. a3 Bf8 7. Nc3 d6 8. Be3
Nd7 9. Nge2 g6 10. h4 h5 11. b4 Be7 12. g3 Ngf6 13. f3 Nh7 14. Kg2 g5 15. hxg5
Bxg5 16. f4 Bh6 17. Rxh5 Nhf6 18. Rh4 Rg8 19. Kf3 Bg7 20. d5 Qe7 21. Nb5 Nf8
22. Rc1 Ng6 23. Rh1 exd5 24. cxd5 Nxd5 25. exd5 Bxd5+ 26. Kf2 c6 27. Rh5 Kf8
28. Rxd5 cxd5 29. Bxg6 Re8 30. Qd2 d4 31. Bxd4 Bxd4+ 32. Nexd4 Rxg6 33. Nf5 Qd7
34. Nbxd6 Rd8 35. Qd4 Qe6 36. Re1 Qf6 37. Qxf6 Rxf6 38. Rh1 Kg8 39. Nh6+ Kg7
40. Nhxf7 Rd7 41. Ne8+ Kxf7 42. Nxf6 Kxf6 43. Re1 Rd3 44. Re3 Rd2+ 45. Kf3 a5
46. bxa5 bxa5 47. g4 a4 48. Rc3 Rb2 49. Ke4 Re2+ 50. Re3 Rc2 51. Kd5 Rg2 52.
Re6+ Kf7 53. Re4 Rxg4 54. Ke5 Rg3 55. Rxa4 Re3+ 56. Kf5 Ke7 57. Re4+ 1-0

[Event "WPCL:The Vale-Cardiff"]
[Site "?"]
[Date "2015.11.01"]
[Round "1.14"]
[White "Ralphs, Nigel"]
[Black "Roberts, David L"]
[Result "1-0"]
[WhiteElo "2001"]
[BlackElo "2003"]
[PlyCount "139"]
[EventDate "2015.11.01"]
[EventCountry "WLS"]

1. e4 e5 2. Nf3 Nc6 3. Bc4 Nf6 4. d3 Be7 5. O-O O-O 6. c3 d6 7. Bb3 Kh8 8. Re1
Nh5 9. d4 g6 10. Bh6 Ng7 11. dxe5 Nxe5 12. Nxe5 dxe5 13. Qxd8 Bxd8 14. Nd2 f6
15. Nc4 Be7 16. Rad1 Re8 17. Ba4 Rd8 18. Rxd8+ Bxd8 19. Rd1 Be6 20. Na5 Be7 21.
Nxb7 Rb8 22. Bc6 g5 23. Bxg7+ Kxg7 24. b3 f5 25. f3 Bc8 26. Na5 Bc5+ 27. Kf1
Ba6+ 28. Ke1 Bb6 29. Nc4 Bxc4 30. bxc4 f4 31. Rd7+ Kg6 32. Kd2 h6 33. Kc2 Kf6
34. c5 Bxc5 35. Rxc7 h5 36. Bd5 Be3 37. Rf7+ Kg6 38. Re7 g4 39. Rxe5 Rc8 40.
Kd3 Rc7 41. Rf5 Rg7 42. Rf8 Kg5 43. Rg8 Rxg8 44. Bxg8 Bg1 45. h3 Kf6 46. Kc4
Ke5 47. Kb5 Kd6 48. a4 h4 49. a5 Be3 50. Bh7 Bf2 51. Bf5 Be3 52. Bxg4 Bf2 53.
c4 Bd4 54. Bh5 Be3 55. Bf7 Ke7 56. Bg8 Kd6 57. c5+ Kc7 58. a6 Bd4 59. Kc4 Be3
60. Kd5 Bd2 61. e5 Be3 62. Ke4 Bd2 63. Bd5 Be3 64. Kf5 Kd7 65. Kg5 Ke7 66. Kxh4
Bxc5 67. Kg5 Be3 68. h4 Kf8 69. Kf6 Bc5 70. h5 1-0

[Event "WPCL:The Vale-Cardiff"]
[Site "?"]
[Date "2015.11.01"]
[Round "1.15"]
[White "Fathallah, Joe"]
[Black "Thomas, Ben"]
[Result "0-1"]
[WhiteElo "1975"]
[BlackElo "1952"]
[PlyCount "68"]
[EventDate "2015.11.01"]
[EventCountry "WLS"]

1. d4 b6 2. e4 Bb7 3. Bd3 Nf6 4. Qe2 c5 5. d5 g6 6. c4 d6 7. f4 e5 8. fxe5 dxe5
9. Nf3 Nbd7 10. O-O Bg7 11. Nc3 a6 12. Bg5 Qc7 13. a4 O-O 14. Qd2 Kh8 15. Qf2
h6 16. Qh4 Kh7 17. Nd2 Qd6 18. a5 Rh8 19. axb6 Kg8 20. Be3 Nxb6 21. Nb3 Nbd7
22. Ra5 Rc8 23. Na4 Bf8 24. Nbxc5 Qc7 25. Nxb7 Qxb7 26. Qf2 Bb4 27. Rc5 Nxc5
28. Bxc5 Ng4 29. Qxf7+ Qxf7 30. Rxf7 Bxc5+ 31. Nxc5 Kxf7 32. Nxa6 Ra8 33. c5
Rxa6 34. Bxa6 Ra8 0-1

[Event "WPCL:The Vale-Cardiff"]
[Site "?"]
[Date "2015.11.01"]
[Round "1.18"]
[White "Bonutto, Stephen"]
[Black "Thompson, Keith"]
[Result "0-1"]
[WhiteElo "1383"]
[BlackElo "1768"]
[PlyCount "60"]
[EventDate "2015.11.01"]
[EventCountry "WLS"]

1. d4 d5 2. c4 c6 3. Nf3 Nf6 4. e3 Bf5 5. Nc3 e6 6. Be2 Nbd7 7. b3 Bb4 8. Bb2
Ne4 9. Rc1 Qa5 10. O-O Bxc3 11. Bxc3 Nxc3 12. Qd2 Nxe2+ 13. Qxe2 Bg4 14. Kh1
Nf6 15. Qc2 O-O 16. Ne5 Bf5 17. Qe2 Rad8 18. f3 h6 19. Rg1 Nd7 20. g4 Bh7 21.
g5 Nxe5 22. gxh6 Ng6 23. hxg7 Kxg7 24. h4 dxc4 25. Rg5 Rd5 26. Rcg1 cxb3 27.
axb3 f6 28. Rxg6+ Bxg6 29. Qg2 Rg5 30. hxg5 Rh8+ 0-1

[Event "WCPL: Cardiff-Cardigan"]
[Site "?"]
[Date "2015.11.29"]
[Round "2.1"]
[White "Williams, A. Howard"]
[Black "Brown, Thomas"]
[Result "1/2-1/2"]
[WhiteElo "2323"]
[BlackElo "2056"]
[PlyCount "43"]
[EventDate "2015.11.29"]
[EventCountry "WLS"]

1. d4 Nf6 2. c4 g6 3. Nc3 d5 4. cxd5 Nxd5 5. e4 Nxc3 6. bxc3 Bg7 7. Bc4 c5 8.
Ne2 O-O 9. O-O Nc6 10. Be3 Bd7 11. Rb1 cxd4 12. cxd4 Rc8 13. Bd3 Na5 14. d5 b6
15. Ba6 Ra8 16. Qd2 e6 17. d6 b5 18. Bxb5 Bxb5 19. Rxb5 Nc4 20. Qd3 a6 21. Rbb1
Nxe3 22. Qxe3 1/2-1/2

[Event "WCPL: Cardiff-Cardigan"]
[Site "?"]
[Date "2015.11.29"]
[Round "2.2"]
[White "Fathallah, Joe"]
[Black "Jones, Iolo C"]
[Result "0-1"]
[WhiteElo "1975"]
[BlackElo "2171"]
[PlyCount "92"]
[EventDate "2015.11.29"]
[EventCountry "WLS"]

1. d4 Nf6 2. c4 e6 3. Nc3 Bb4 4. Qc2 O-O 5. Bg5 h6 6. Bh4 d5 7. e3 Nbd7 8. cxd5
exd5 9. Bd3 c6 10. Nf3 Re8 11. O-O Be7 12. Rab1 Nf8 13. b4 Ne6 14. Ne5 Rf8 15.
f4 a5 16. bxa5 Rxa5 17. Rf3 Nc7 18. g4 Nxg4 19. Bxe7 Qxe7 20. Rg3 Nxe5 21. dxe5
f6 22. exf6 Rxf6 23. Kh1 Ne8 24. Rbg1 Be6 25. Ne2 c5 26. Qc3 b6 27. a4 d4 28.
Qc2 dxe3 29. h3 Bd5+ 30. Kh2 Kh8 31. Bb5 Bc6 32. Bxc6 Rxc6 33. Nc3 Rd6 34. Ne4
Rd4 35. Rxe3 Qf7 36. Rge1 Rd8 37. Qf2 Raa8 38. Qh4 Kg8 39. Rg1 Rd4 40. Qxh6
Raxa4 41. Nc3 Rd2+ 42. Ne2 Nf6 43. Rg2 Ra7 44. Reg3 Nh5 45. Rg6 Rxe2 46. Rxg7+
Qxg7 0-1

[Event "WCPL: Cardiff-Cardigan"]
[Site "?"]
[Date "2015.11.29"]
[Round "2.4"]
[White "Thompson, Keith"]
[Black "Haigh, Tony"]
[Result "1-0"]
[WhiteElo "1768"]
[BlackElo "1816"]
[PlyCount "121"]
[EventDate "2015.11.29"]
[EventCountry "WLS"]

1. e4 e6 2. d4 d5 3. Nd2 Nf6 4. e5 Nfd7 5. Bd3 c5 6. c3 Nc6 7. Ne2 Be7 8. O-O
O-O 9. Nf3 cxd4 10. cxd4 f6 11. exf6 Bxf6 12. Bc2 Re8 13. Be3 e5 14. Bb3 Ne7
15. Nc3 exd4 16. Nxd5 Nxd5 17. Bxd5+ Kh8 18. Bxd4 Nb6 19. Bb3 Bg4 20. Bxf6 Qxf6
21. Qd4 Bxf3 22. Qxf6 gxf6 23. gxf3 Re7 24. Rfe1 Rae8 25. Rxe7 Rxe7 26. Rd1 Nd7
27. Rd6 Kg7 28. Kg2 b6 29. Bc4 Ne5 30. Bb5 Rc7 31. f4 Ng6 32. Kg3 Ne7 33. Bd3
Ng6 34. h4 h6 35. Kg4 Ne7 36. h5 Kf7 37. Rd8 Kg7 38. a3 Nc6 39. Rd6 Ne7 40. a4
Kf7 41. Rd8 Kg7 42. b3 Nc6 43. Rd6 Ne7 44. Bb5 Kf7 45. Bc4+ Kg7 46. Bd3 Kf7 47.
Bc4+ Kg7 48. Re6 Rd7 49. Re3 Rc7 50. Rd3 Kf8 51. Rd8+ Kg7 52. Be6 Rb7 53. f5
Rc7 54. Kf4 Rb7 55. Rd6 Rc7 56. Ke4 Rb7 57. Kd4 Rc7 58. Rd7 Rxd7+ 59. Bxd7 a6
60. a5 b5 61. Kc5 1-0

[Event "WCPL: Cardiff-Cardigan"]
[Site "?"]
[Date "2015.11.29"]
[Round "2.5"]
[White "Van Kemenade, Julie"]
[Black "Sivarajasingam, Shayanna"]
[Result "1-0"]
[WhiteElo "1724"]
[BlackElo "1557"]
[PlyCount "51"]
[EventDate "2015.11.29"]
[EventCountry "WLS"]

1. e4 e6 2. d3 d5 3. Qe2 d4 4. Nf3 Nf6 5. g3 c5 6. Bg2 Be7 7. O-O O-O 8. Nbd2
Nc6 9. Ne1 e5 10. f4 Ng4 11. Ndf3 Qc7 12. f5 Nf6 13. h3 Re8 14. g4 b5 15. Nh2
a5 16. g5 Nd7 17. Ng4 Qd8 18. Nf3 f6 19. h4 Ba6 20. Qf2 c4 21. Qg3 cxd3 22.
cxd3 b4 23. Nh6+ Kf8 24. g6 hxg6 25. Qxg6 Bc4 26. dxc4 1-0

[Event "WCPL:White Knights-The Vale"]
[Site "?"]
[Date "2015.11.29"]
[Round "2.7"]
[White "Davis, Lee"]
[Black "Hewitt, William"]
[Result "1/2-1/2"]
[WhiteElo "1994"]
[BlackElo "2054"]
[PlyCount "61"]
[EventDate "2015.11.29"]
[EventType "tourn"]
[EventCountry "WLS"]

1. d4 Nf6 2. g3 g6 3. Bg2 Bg7 4. Nf3 O-O 5. O-O d5 6. c4 dxc4 7. Na3 c3 8. bxc3
c5 9. Bb2 Nc6 10. e3 Bf5 11. Nc4 Nd5 12. Nfe5 Nxe5 13. Nxe5 Bxe5 14. dxe5 Nb6
15. Bxb7 Rb8 16. Bf3 Nc4 17. Bc1 Qa5 18. e4 Qxc3 19. Bf4 Bh3 20. Rc1 Qb4 21.
Re1 Nb2 22. Qc2 Be6 23. Be2 c4 24. Bd2 Qa3 25. Bc3 Rfd8 26. Rb1 Nd3 27. Rxb8
Rxb8 28. Bxd3 cxd3 29. Qd2 Qxa2 30. Qxd3 Qc4 31. Qxc4 1/2-1/2

[Event "WCPL:White Knights-The Vale"]
[Site "?"]
[Date "2015.11.29"]
[Round "2.9"]
[White "Thomas, Ben"]
[Black "Bevan, Peter M"]
[Result "0-1"]
[WhiteElo "1952"]
[BlackElo "2013"]
[PlyCount "66"]
[EventDate "2015.11.29"]
[EventType "tourn"]
[EventCountry "WLS"]

1. e4 c5 2. c3 d5 3. exd5 Nf6 4. d4 Nxd5 5. Bc4 e6 6. Nf3 cxd4 7. cxd4 Bb4+ 8.
Bd2 Bxd2+ 9. Qxd2 O-O 10. O-O Nc6 11. Nc3 Nce7 12. Rfe1 b6 13. Rac1 Bb7 14. Ne5
Rc8 15. Bb3 a6 16. Ne4 Nc6 17. Nc4 Rc7 18. Ne3 Nxe3 19. fxe3 Na5 20. Rxc7 Qxc7
21. Rc1 Qd8 22. Bc2 f5 23. Nf2 Nc4 24. Qe2 Qg5 25. Nd1 f4 26. exf4 Rxf4 27. g3
Bd5 28. b3 Rxd4 29. bxc4 Rd2 30. Qe3 Rxd1+ 31. Rxd1 Qxe3+ 32. Kf1 Bxc4+ 33. Kg2
Qe2+ 0-1

[Event "WCPL:White Knights-The Vale"]
[Site "?"]
[Date "2015.11.29"]
[Round "2.11"]
[White "Taylor, Robert Graham"]
[Black "Evans, Nicholas Thomas"]
[Result "1/2-1/2"]
[WhiteElo "1954"]
[BlackElo "1986"]
[PlyCount "78"]
[EventDate "2015.11.29"]
[EventType "tourn"]
[EventCountry "WLS"]

1. Nf3 d5 2. c4 e6 3. d4 Nf6 4. Nc3 Be7 5. Bg5 O-O 6. e3 h6 7. Bh4 Ne4 8. Bxe7
Qxe7 9. Bd3 Nxc3 10. bxc3 Nd7 11. O-O e5 12. Nd2 Nf6 13. Qb3 Rd8 14. Rae1 c6
15. cxd5 Nxd5 16. c4 Nc7 17. Bb1 exd4 18. Qd3 g6 19. exd4 Qf6 20. Nf3 Ne6 21.
Qe3 Kg7 22. Rd1 Nf4 23. Rfe1 Bg4 24. Be4 Re8 25. h3 Bh5 26. Kh2 g5 27. g3 Nxh3
28. Kxh3 g4+ 29. Kh2 gxf3 30. Qf4 Qxf4 31. gxf4 Re7 32. Re3 Rae8 33. Rde1 Bg4
34. Kg3 f5 35. Bxf3 Rxe3 36. fxe3 h5 37. Bg2 Kf6 38. d5 cxd5 39. Bxd5 b6
1/2-1/2

[Event "WCPL:White Knights-The Vale"]
[Site "?"]
[Date "2015.11.29"]
[Round "2.12"]
[White "Buttell, David"]
[Black "Jukes, Sam"]
[Result "1-0"]
[WhiteElo "1813"]
[BlackElo "1671"]
[PlyCount "99"]
[EventDate "2015.11.29"]
[EventType "tourn"]
[EventCountry "WLS"]

1. d4 Nf6 2. c4 g6 3. Nc3 Bg7 4. e4 d6 5. f3 O-O 6. Be3 e5 7. d5 Nbd7 8. Qd2
Nh5 9. g4 Nf4 10. O-O-O f5 11. gxf5 gxf5 12. Nge2 Nxe2+ 13. Bxe2 f4 14. Bf2 Nf6
15. Rdg1 Kh8 16. Kb1 Bd7 17. h4 Rg8 18. Qe1 Qe7 19. Bf1 Bh6 20. Rxg8+ Rxg8 21.
Bh3 Bxh3 22. Rxh3 a6 23. Rh1 Nh5 24. Rg1 Rxg1 25. Qxg1 Qg7 26. Qxg7+ Bxg7 27.
b4 Ng3 28. b5 Bf6 29. bxa6 bxa6 30. Kb2 Bxh4 31. Kb3 Nf5 32. Bg1 Ne3 33. Ne2
Be1 34. Nc1 Nf1 35. Nd3 Nd2+ 36. Ka4 Nxf3 37. Nxe1 Nxe1 38. Ka5 h5 39. Kxa6 h4
40. Kb7 h3 41. a4 Nc2 42. Kxc7 f3 43. c5 f2 44. Bxf2 h2 45. cxd6 h1=Q 46. d7
Qh7 47. Bh4 Qg7 48. Bf6 Qxf6 49. d8=Q+ Qxd8+ 50. Kxd8 1-0

[Event "WCPL:EG Nomads-Nidum"]
[Site "Aberkenfig Social Club"]
[Date "2015.11.29"]
[Round "2.13"]
[White "Davies, Matthew"]
[Black "Kett, Tim"]
[Result "0-1"]
[WhiteElo "1950"]
[BlackElo "2190"]
[PlyCount "54"]
[EventDate "2015.??.??"]

1. d4 Nf6 2. c4 e6 3. Nc3 Bb4 4. e3 O-O 5. Nge2 d5 6. a3 Be7 7. cxd5 exd5 8.
Ng3 c5 9. Bd3 Nc6 10. dxc5 Bxc5 11. O-O Bg4 12. Qc2 Rc8 13. h3 Be6 14. Rd1 Bd6
15. Nf5 Bb8 16. Qe2 Qc7 17. f4 Rfe8 18. Qf3 a6 19. Bd2 Bxf5 20. Bxf5 Rcd8 21.
Re1 Na5 22. Bd3 Nb3 23. Rad1 Ba7 24. Kh1 Nxd2 25. Rxd2 d4 26. Nd1 dxe3 27. Nxe3
Bxe3 0-1

[Event "WCPL:EG Nomads-Nidum"]
[Site "Aberkenfig Social Club"]
[Date "2015.11.29"]
[Round "2.14"]
[White "Heaven, Peter"]
[Black "Gibbons, Andrew"]
[Result "0-1"]
[WhiteElo "2050"]
[BlackElo "1914"]
[PlyCount "110"]
[EventDate "2015.??.??"]

1. e4 c5 2. Nf3 Nc6 3. d4 cxd4 4. Nxd4 g6 5. Nc3 Bg7 6. Be3 Nf6 7. Bc4 Qa5 8.
O-O O-O 9. Nb3 Qc7 10. f4 d6 11. Be2 a5 12. a4 Be6 13. g4 Nb4 14. Nd4 Bc4 15.
Rc1 Rad8 16. Ncb5 Bxe2 17. Qxe2 Qc8 18. f5 Nxe4 19. c3 Nd5 20. Nb3 Nxe3 21.
Qxe3 Nc5 22. Nxa5 b6 23. Nc4 Nxa4 24. Nxb6 Nxb6 25. Qxb6 Qc4 26. Nd4 Rb8 27.
Qc6 Bxd4+ 28. cxd4 Qxd4+ 29. Kh1 Rxb2 30. fxg6 hxg6 31. Qf3 Qd2 32. Qh3 Qd5+
33. Kg1 Qd4+ 34. Kh1 Kg7 35. Qf3 Qd2 36. Qg3 Qd5+ 37. Kg1 Qe5 38. Qxe5+ dxe5
39. Rc7 Re8 40. Re1 Rb4 41. h3 Rh8 42. Re3 Kf6 43. Kg2 Rd8 44. Rc2 Ke6 45. Rc5
Rd2+ 46. Kg3 f6 47. Ra3 Rbb2 48. Ra6+ Kf7 49. Rc3 Rg2+ 50. Kf3 Rbe2 51. Rc4
Ref2+ 52. Ke3 Rb2 53. Ra7 f5 54. gxf5 gxf5 55. Rcc7 Rb3+ 0-1

[Event "WCPL:EG Nomads-Nidum"]
[Site "Aberkenfig Social Club"]
[Date "2015.11.29"]
[Round "2.15"]
[White "Bennett, Alan"]
[Black "Robinson, David"]
[Result "1/2-1/2"]
[WhiteElo "2068"]
[BlackElo "1903"]
[PlyCount "74"]
[EventDate "2015.??.??"]

1. e4 d5 2. exd5 Qxd5 3. Nc3 Qa5 4. d4 Nf6 5. Bd2 c6 6. Bc4 Bf5 7. Qe2 e6 8. d5
cxd5 9. Nxd5 Qd8 10. Ne3 Bg6 11. h4 h5 12. Nf3 Nc6 13. O-O-O Be7 14. Bc3 Qc7
15. Ng5 O-O 16. g4 Nxg4 17. Nxg4 hxg4 18. Qxg4 Bf5 19. Qe2 Rad8 20. Kb1 Rxd1+
21. Rxd1 Rd8 22. Bd3 Bxd3 23. Rxd3 Rxd3 24. Qxd3 Bxg5 25. hxg5 Qd8 26. Qxd8+
Nxd8 27. a4 Kf8 28. b4 g6 29. Kb2 Ke8 30. Kb3 Nc6 31. Bf6 Kd7 32. c4 Kd6 33. b5
Nb8 34. Kb4 e5 35. a5 Nd7 36. Bg7 Ke6 37. f3 Kd6 1/2-1/2

[Event "WCPL:Nidum-Cardiff"]
[Site "?"]
[Date "2016.01.03"]
[Round "3.1"]
[White "Fathallah, Joe"]
[Black "Evans, Craig"]
[Result "1/2-1/2"]
[WhiteElo "1964"]
[BlackElo "1983"]
[PlyCount "101"]
[EventDate "2016.??.??"]

1. d4 b5 2. e4 Bb7 3. Bd3 Nf6 4. Qe2 c5 5. dxc5 Na6 6. f3 Nxc5 7. Bxb5 Qc7 8.
Be3 a6 9. Bc4 e6 10. Nh3 Rc8 11. Nd2 d5 12. exd5 Bxd5 13. O-O Bd6 14. g3 O-O
15. Nf4 Bb7 16. a3 e5 17. Ng2 Rfe8 18. Ba2 Na4 19. Nc4 Bc5 20. Bb3 Nb6 21. Nxb6
Qxb6 22. Bxc5 Rxc5 23. Ne3 e4 24. f4 a5 25. Qf2 Rec8 26. a4 Qc7 27. Rfd1 h5 28.
Rd2 Rd8 29. Rad1 Rxd2 30. Rxd2 Qe7 31. Rd4 g6 32. Qd2 Kg7 33. Rc4 Ba6 34. Rc3
Rxc3 35. Qxc3 Qa7 36. Kg2 Bb7 37. Bd5 Qa6 38. Bxb7 Qxb7 39. Qe5 Qa6 40. c4 Kg8
41. Qc3 Qd6 42. Qxa5 Qd3 43. Qe1 Ng4 44. Nxg4 hxg4 45. Kf2 Qf3+ 46. Kg1 e3 47.
Qf1 Qe4 48. Qe2 Qb1+ 49. Kg2 Qe4+ 50. Kg1 Qb1+ 51. Kg2 1/2-1/2

[Event "WCPL:Nidum-Cardiff"]
[Site "?"]
[Date "2016.01.03"]
[Round "3.2"]
[White "Saunders, Robert"]
[Black "Spice, Alan"]
[Result "1/2-1/2"]
[WhiteElo "2072"]
[BlackElo "2081"]
[PlyCount "51"]
[EventDate "2016.??.??"]

1. e4 e6 2. Qe2 e5 3. f4 exf4 4. d4 Qh4+ 5. Kd1 d6 6. Nf3 Qf6 7. Nc3 c6 8. e5
dxe5 9. Nxe5 Qe7 10. Bxf4 Nd7 11. Ne4 Nxe5 12. Bxe5 Qe6 13. Nd6+ Bxd6 14. Bxg7
Qxe2+ 15. Bxe2 Be6 16. Bxh8 f6 17. Rf1 Ke7 18. h3 Bg3 19. c3 Bh4 20. g4 Nh6 21.
Bg7 Nf7 22. Kc2 Rg8 23. Bxf6+ Bxf6 24. Bd3 Nd6 25. Rae1 Bh4 26. Re5 1/2-1/2